Регионална библиотека "Любен Каравелов" - Русе

Популярная медицинская энциклопедия (Запис номер 397801)

MARC детайли
000 -Лидер
Контролно поле с фиксирана дължина nam a22 a 4500
003 - Код на организацията, давaща контролен номер
Контролно поле BLK
005 - Дата и час на последна редакция
Контролно поле 20210209160759.0
008 - Елементи от данни с фиксирана дължина
fixed length control field 180408b bul|||||r ||||||| ||bul||
040 ## - Източник на каталожния запис
Идентификатор на билиотеката - собственик на записа BLK
041 ## - Код за език
Код за езика на текст/звукозапис или на отделно заглавие Руски
Код за езика КДБФ Руски
080 ## - УДК
Текстов определител УДК Медицина
УДК код - определител по УДК 61
УДК определител (03)
УДК - код + определител 61(03)
139 ## - Редно поле
Редна дума Популярная медицинская энциклопедия
Авторски знак Попт - П 78
245 10 - Сведения за заглавието
Заглавие Популярная медицинская энциклопедия
Редно поле (дума) глав. ред. Борис Васильевич Петровский
Подзаглавни данни В 1-м томе. Аборт-Ящур
257 ## - Страна на издаване
Страна на създаване/издаване СССР
260 ## - Област на издателските данни
Име на издателя, разпространителя и проч. Советская энциклопедия
Година на издаване 1980
9 (RLIN) 416529
Място на издаване, разпространение и проч. Москва
300 ## - Физическа характеристика
Страници 704 с.
Размери/Мащаб 26 см
Илюстрации и др. с илл., 14 л. цв. илл.
380 ## - Жанр
Жанр Медицина
500 ## - Общи забележки
Забележка Предм. терминолог. указ. с. 691-703. - 100 000 тир.
650 #7 - Допълнително описание по предмет – тема
9 (RLIN) 154961
Основно описание – тема или топоним Енциклопедии
653 ## - Ключова дума – ненормативна
Ключова дума медицина
700 ## - Други автори (авторска отговорност)
Лично име Петровский, Борис Васильевич
Автороска отговорност (Описва отношението между автора и произведението) глав. ред.
9 (RLIN) 523
852 ## - Местоположение
Форматна сигнатура Цб ІІ 5945
Фондова буква Хранилище
999 ## - СИСТЕМНИ КОНТРОЛНИ НОМЕРА
Koha biblionumber 397801
Koha biblioitemnumber 397801
942 ## - АРТИКУЛИ
Вид на библиотечния материал Книги
Скрит в OPAC Не
Периодичен библиозапис Да
944 ## - СЪЗДАВАНЕ И РЕДАКЦИЯ на ЗАПИСА
Създаване/Редакция Създаване
Дата на регистрацията/редакция 2021-02-09
Служител, извършил регистрацията/редакцията СТ
Наличности
Код за отписване Код за изгубен артикул Източник на класификационната схема Код за повреда Коз за рестрикции Код за отдаване Артикулен № Име на библиотеката - собственик Име на библиотеката, в която се намира в момента Статус (Текущо местоположение) Дата на вписване в системата Местоположение - отдел Цена в лева Инвентарен номер Систематично азбучна сигнатура Баркод Цена в евро Служебен тип на артикула
  Не е изгубен Universal Decimal Classification Не е повреден само за читалня ползва се в читалня 811464 Регионална библиотека "Любен Каравелов" Русе Регионална библиотека "Любен Каравелов" Русе Хранилище 2021-02-10 Основен фонд - ползва се само за читалня 7.28 311329 Цб ІІ 5945 120000311329 3.72 Книги
Vip Innovations Ltd, Rousse, Bulgaria 2025